• 首页
  • 本馆介绍
  • 公告通知
  • 最新文献
  • 馆藏检索
  • 电子资源
  • 读者导购
  • 参考咨询
  • 我的图书馆
  • 登录
  • 详细信息显示
  • 放入我的书架
  • 预约/预借图书
  • 作者相关作品
  • 分类相关作品
  • 丛书相关作品
  • 出版社相关作品

书目信息

  • 表格格式
  • 工作单格式
  • 卡片格式
题名:
宏观经济统计分析
    
 
作者: 赵彦云 编
分册:  
出版信息: 北京   中国统计出版社  2000
页数: 261页
开本: 21cm
丛书名:
单 册:
中图分类: F222.33
科图分类:
主题词: 宏观经济--经济统计--统计分析--高等学校--教材
电子资源:
ISBN: 7-5037-2928-7
000 00802nam0 2200241 45
001 020000028212
005 20050912111006.53
010    @a7-5037-2928-7@dCNY16.00
100    @a20041231d2000 ekmy0chiy0120 ea
101 0  @achi
102    @aCN@b110000
105    @aak z 000yy
200 1  @a宏观经济统计分析@Ahong guan jing ji tong ji fen xi@f赵彦云编@Fzhao yan yun bian
210    @a北京@c中国统计出版社@d2000
215    @a261页@c图@d21cm
300    @a高等院校统计专业规划教材
330    @a本书介绍了宏观经济统计分析基本问题,社会总供求均衡统计分析、国民收入分配统计分析、消费需求统计分析等。
606 0  @a宏观经济@x经济统计@x统计分析@x高等学校@x教材
690    @aF222.33@v4
701  0 @a赵彦云@Azhao yan yun@4编
801  0 @aCN@bTSSF@c20050912
905    @a10447@dF222.33@e153
999    @aAFJ
    
    宏观经济统计分析/赵彦云编.-北京:中国统计出版社,2000
    261页:图;21cm
    高等院校统计专业规划教材
    
    ISBN 7-5037-2928-7:CNY16.00
    本书介绍了宏观经济统计分析基本问题,社会总供求均衡统计分析、国民收入分配统计分析、消费需求统计分析等。
●
相关链接 在E读中查询图书 在五车中查询图书 在当当中查询图书 在豆瓣中查询图书


正题名:宏观经济统计分析     索取号:F222.33/153         预约/预借

序号 登录号 条形码 馆藏地/架位号 状态 备注
1 0360696   3606967   第一样本阅览室/ [索取号:F222.33/153] 在馆    
2 0360697   3606976   第一借阅区/ [索取号:F222.33/153] 在馆    
3 0360698   3606985   第一借阅区/ [索取号:F222.33/153] 在馆    
唐山师范学院图书馆 欢迎您!
大连网信软件有限公司© 版权所有